Maintain a good working relationship (Record no. 80093)

MARC details
000 -LEADER
fixed length control field 01042cab a22002295a 4500
001 - CONTROL NUMBER
control field L143205
008 - FIXED-LENGTH DATA ELEMENTS--GENERAL INFORMATION
fixed length control field 080416e20080412xxk f 000 0 eng d
035 ## - SYSTEM CONTROL NUMBER
System control number (Sirsi) u143205
041 0# - LANGUAGE CODE
Language code of text/sound track or separate title eng
100 1# - MAIN ENTRY--PERSONAL NAME
Personal name Kayani, Ishaq
245 00 - TITLE STATEMENT
Title Maintain a good working relationship
260 ## - PUBLICATION, DISTRIBUTION, ETC.
Date of publication, distribution, etc. 2008
490 ## - SERIES STATEMENT
Series statement Estates Gazette
Volume/sequential designation (0814) 12 April 2008, 95(1)
520 ## - SUMMARY, ETC.
Summary, etc. Discusses the need for agents and housebuilders to agree terms at the outset of a working relationship in order to avoid disputes over commission rates at a later stage. Looks at case law regarding payment to an agent for effective introduction. Also looks at agents claiming effective cause of the buyer-seller relationship. Provides advice to both agents and developers.
590 ## - LOCAL NOTE (RLIN)
Local note KA
650 24 - SUBJECT ADDED ENTRY--TOPICAL TERM
Topical term or geographic name entry element EGAN LAWSON LTD V STANDARD LIFE ASSURANCE CO
650 24 - SUBJECT ADDED ENTRY--TOPICAL TERM
Topical term or geographic name entry element PETTIGREW V GEORGE WIMPEY UK LTD
651 #4 - SUBJECT ADDED ENTRY--GEOGRAPHIC NAME
Geographic name United Kingdom
Chronological subdivision
690 ## - LOCAL SUBJECT ADDED ENTRY--TOPICAL TERM (OCLC, RLIN)
Topical term or geographic name as entry element MANAGEMENT-BUSINESS MANAGEMENT-PROFESSIONAL PRACTICE
690 ## - LOCAL SUBJECT ADDED ENTRY--TOPICAL TERM (OCLC, RLIN)
Topical term or geographic name as entry element PROPERTY-PROPERTY ACQUISITION AND DISPOSAL
942 ## - ADDED ENTRY ELEMENTS (KOHA)
Suppress in OPAC 0
Holdings
Withdrawn status Lost status Source of classification or shelving scheme Damaged status Not for loan Home library Current library Shelving location Date acquired Total Checkouts Full call number Barcode Date last seen Copy number Price effective from Koha item type
    Dewey Decimal Classification     London London Journal article 16/04/2008   L143205 143205-1001 06/08/2019 1 06/08/2019 Journal article